Educación y diversidad cultural: lecciones desde la práctica innovadora en América Latina
Guardat en:
| Autor principal: | |
|---|---|
| Format: | Llibre |
| Idioma: | espanyol |
| Publicat: |
Santiago
Orealc/Unesco
2008
|
| Col·lecció: | Innovemos
|
| Matèries: | |
| Etiquetes: |
Afegir etiqueta
Sense etiquetes, Sigues el primer a etiquetar aquest registre!
|
MARC
| LEADER | 00000nam a2200000 a 4500 | ||
|---|---|---|---|
| 001 | UCG0407 | ||
| 003 | CL-VaPUC | ||
| 008 | 100325e20080000CL |||||||||||||||||spa|d | ||
| 020 | |a 9789568302962 | ||
| 082 | 0 | 4 | |a 370.117 |b HIR |2 21 |
| 100 | |a Hirmas Ready, Carolina |e author |9 547801 | ||
| 245 | 1 | 0 | |a Educación y diversidad cultural: lecciones desde la práctica innovadora en América Latina |
| 300 | |a 219 p | ||
| 942 | |c BK | ||
| 945 | |d 20100325 00:00:00 |a rbrito | ||
| 260 | |a Santiago |b Orealc/Unesco |c 2008 | ||
| 650 | 0 | |a Multiculturalidad |9 540858 | |
| 650 | 0 | |a Diversidad cultural |9 473079 | |
| 650 | 0 | |a Cultura |9 269059 | |
| 650 | 0 | |a Política educacional |9 308011 | |
| 650 | 0 | |a Educación intercultural |9 339736 | |
| 650 | 0 | |a Desarrollo cultural |9 267526 | |
| 651 | 0 | |a América Latina |9 255027 | |
| 583 | |a last modification |c 20121214 12:32:46 |k Rodrigo Vera | ||
| 490 | 0 | |a Innovemos | |
| 999 | |c 340047 |d 340045 | ||
| 952 | |0 0 |1 0 |4 0 |6 370_117000000000000_HIR_2008 |7 0 |8 A |9 434405 |a BIBEDU |b BIBEDU |d 2019-11-22 |i 4652126 |o 370.117 HIR 2008 |p 4652126 |r 2019-11-22 |w 2019-11-22 |y BK |k EBA | ||
| 952 | |0 0 |1 0 |4 0 |6 370_117000000000000_HIR_2008 |7 0 |8 A |9 434406 |a BIBEDU |b BIBEDU |d 2019-11-22 |i 4652134 |o 370.117 HIR 2008 |p 4652134 |r 2019-11-22 |w 2019-11-22 |y BK |k EBA | ||